000
00299nam a2200133Ia 4500
008
191201s2006 xx 000 0 und d
100
_a
LEXICON
245
0
_a
Chines Interior
250
_a
Rep
260
_a
N. delhi
_b
lexicon pub
_c
2006
300
_a
63
650
_a
General Books
942
_2
ddc
_c
BK
999
_c
4560
_d
4560